Con người và môi trường từ góc nhìn văn hóa học /

Đã lưu trong:
Sonraí Bibleagrafaíochta
Príomhúdar: Phạm Đức Dương.
Formáid: Bài viết
Teanga:Vietnamese
Ábhair:
Clibeanna: Cuir Clib Leis
Gan Chlibeanna, Bí ar an gcéad duine leis an taifead seo a chlibeáil!
Thư viện lưu trữ: Thư viện Trường Đại học Đà Lạt
LEADER 00793nam a2200277 4500
001 DLU140160154
005 ##20140225
040 # # |a DLU  |b vie 
041 # # |a vie 
044 # # |a vn 
100 # # |a Phạm Đức Dương. 
245 # # |a Con người và môi trường từ góc nhìn văn hóa học /  |c Phạm Đức Dương. 
653 # # |a Con người 
653 # # |a Môi trường 
653 # # |a Văn hóa học 
653 # # |a Văn hóa phương Tây 
773 # # |t Văn hóa nghệ thuật  |g Số 343, 2013, tr. 3-7 
920 # # |a Phòng Tạp chí -- Trung tâm Thông tin - Thư viện Trường Đại học Đà Lạt 
900 # # |a True 
911 # # |a Hoàng Thị Huyền 
925 # # |a G 
926 # # |a A 
927 # # |a BB 
980 # # |a Thư viện Trường Đại học Đà Lạt